Výklad zásad vedení účetníctví při soukromém podnikání Část 1. Podnikatelů nezapsaných do podnikového rejstříků

Saved in:
Bibliographic Details
Format: Book
Language:Czech
Published: Frýdek-Místek Ekokonzult 1991
Edition:3. vyd.
Tags: Add Tag
No Tags, Be the first to tag this record!

MARC

LEADER 00000nam a2200000 4500
001 c034131
005 20250826122648.6
041 0 |a cze 
044 |a CZ 
245 1 0 |a Výklad zásad vedení účetníctví při soukromém podnikání  |b Část 1. Podnikatelů nezapsaných do podnikového rejstříků 
250 |a 3. vyd. 
264 1 |a Frýdek-Místek  |b Ekokonzult  |c 1991 
300 |a 69 s.